I Still Believe (Record no. 349852)
[ view plain ]
| 000 -LEADER | |
|---|---|
| fixed length control field | 01641ngm a22004452a 4500 |
| 001 - CONTROL NUMBER | |
| control field | MWT12882648 |
| 003 - CONTROL NUMBER IDENTIFIER | |
| control field | MWT |
| 005 - DATE AND TIME OF LATEST TRANSACTION | |
| control field | 20220414091352.0 |
| 008 - FIXED-LENGTH DATA ELEMENTS--GENERAL INFORMATION | |
| fixed length control field | 200401s2020 xxu105 e vleng d |
| 010 ## - LIBRARY OF CONGRESS CONTROL NUMBER | |
| LC control number | 1145889517 |
| 024 1# - OTHER STANDARD IDENTIFIER | |
| Standard number or code | 031398318705 |
| 040 ## - CATALOGING SOURCE | |
| Original cataloging agency | Midwest |
| Description conventions | rda |
| 092 ## - LOCALLY ASSIGNED DEWEY CALL NUMBER (OCLC) | |
| Classification number | dvd |
| 245 00 - TITLE STATEMENT | |
| Title | I Still Believe |
| Medium | [videorecording]. |
| 250 ## - EDITION STATEMENT | |
| Edition statement | Widescreen ed. |
| 260 ## - PUBLICATION, DISTRIBUTION, ETC. (IMPRINT) | |
| Place of publication, distribution, etc | [United States] : |
| Name of publisher, distributor, etc | Lionsgate, |
| Date of publication, distribution, etc | 2020. |
| 264 ## - Production, Publication, Distribution, Manufacture, and Copyright Notice. | |
| Place of production, publication, distribution, manufacture | [United States] : |
| Name of producer, publisher, distributor, manufacturer | Lionsgate, |
| Date of production, publication, distribution, manufacture, or copyr | 2020. |
| 300 ## - PHYSICAL DESCRIPTION | |
| Extent | 1 videodisc (ca. 105 min.) : |
| Other physical details | sd., col. ; |
| Dimensions | 4 3/4 in. |
| 500 ## - GENERAL NOTE | |
| General note | 05/05/2020. |
| 508 ## - CREATION/PRODUCTION CREDITS NOTE | |
| Creation/production credits note | Director, Andrew Erwin, Jon Erwin. |
| 511 1# - PARTICIPANT OR PERFORMER NOTE | |
| Participant or performer note | Brittany Robertson, K. J. Apa, Gary Sinise, Shania Twain, Melissa Roxburgh, Nathan Parsons. |
| 520 ## - SUMMARY, ETC. | |
| Summary, etc | The true life story of Christian music megastar Jeremy Camp and his remarkable journey of love and loss that proves there is always hope in the midst of tragedy, and that faith tested is the only faith worth sharing. |
| 521 8# - TARGET AUDIENCE NOTE | |
| Target audience note | MPAA rating: PG. |
| 538 ## - SYSTEM DETAILS NOTE | |
| System details note | DVD. |
| 546 ## - LANGUAGE NOTE | |
| Language note | English audio; Spanish subtitles. |
| 546 ## - LANGUAGE NOTE | |
| Language note | English subtitles for the deaf and hard of hearing. |
| 655 #4 - INDEX TERM--GENRE/FORM | |
| Genre/form data or focus term | Drama. |
| 700 1# - ADDED ENTRY--PERSONAL NAME | |
| Personal name | Robertson, Brittany. |
| 9 (RLIN) | 5901796 |
| 700 1# - ADDED ENTRY--PERSONAL NAME | |
| Personal name | Apa, K. J. |
| 9 (RLIN) | 6445705 |
| 700 1# - ADDED ENTRY--PERSONAL NAME | |
| Personal name | Sinise, Gary. |
| 9 (RLIN) | 59631 |
| 700 1# - ADDED ENTRY--PERSONAL NAME | |
| Personal name | Twain, Shania. |
| 9 (RLIN) | 61675 |
| 700 1# - ADDED ENTRY--PERSONAL NAME | |
| Personal name | Roxburgh, Melissa. |
| 700 1# - ADDED ENTRY--PERSONAL NAME | |
| Personal name | Parsons, Nathan. |
| 9 (RLIN) | 6445706 |
| 856 7# - ELECTRONIC LOCATION AND ACCESS | |
| Materials specified | View cover art |
| Uniform Resource Identifier | <a href="http://midwesttapes.com/images/movies/000/000/000/012/882/000000000012882648.jpg">http://midwesttapes.com/images/movies/000/000/000/012/882/000000000012882648.jpg</a> |
| Access method | http |
| 907 ## - LOCAL DATA ELEMENT G, LDG (RLIN) | |
| a | .b424144207 |
| 942 ## - ADDED ENTRY ELEMENTS (KOHA) | |
| Source of classification or shelving scheme | Dewey Decimal Classification |
| Koha item type | DVD |
| Withdrawn status | Lost status | Source of classification or shelving scheme | Damaged status | Not for loan | Collection code | Home library | Current library | Shelving location | Date acquired | Source of acquisition | Total Checkouts | Total Renewals | Full call number | Barcode | Date last seen | Date checked out | Cost, replacement price | Price effective from | Koha item type |
|---|---|---|---|---|---|---|---|---|---|---|---|---|---|---|---|---|---|---|---|
| Dewey Decimal Classification | Movies | Wasatch County Library | Wasatch County Library | Audio Visual Area | 05/20/2020 | 13 | 21 | DVD I Sti | 34301001687187 | 03/17/2025 | 02/28/2025 | 23.96 | 05/20/2020 | DVD |
